Digital telephony (Record no. 3592)

000 -LEADER
fixed length control field 00571nam a2200217 a 4500
001 - CONTROL NUMBER
control field 3592
003 - CONTROL NUMBER IDENTIFIER
control field BD-DhUET
008 - FIXED-LENGTH DATA ELEMENTS--GENERAL INFORMATION
fixed length control field 900501s1991 nyua b 001 0 eng
020 ## - INTERNATIONAL STANDARD BOOK NUMBER
International Standard Book Number 0471620564
040 ## - CATALOGING SOURCE
Original cataloging agency DLC
Transcribing agency DLC
Modifying agency BD-DhUET
082 ## - DEWEY DECIMAL CLASSIFICATION NUMBER
Classification number 623.85
Item number BEL/1991
100 ## - MAIN ENTRY--PERSONAL NAME
Personal name Bellamy, John
245 10 - TITLE STATEMENT
Title Digital telephony
250 ## - EDITION STATEMENT
Edition statement 2nd ed.
260 ## - PUBLICATION, DISTRIBUTION, ETC. (IMPRINT)
Place of publication, distribution, etc. New York
Name of publisher, distributor, etc. John wiley & sons
Date of publication, distribution, etc. 1991
300 ## - PHYSICAL DESCRIPTION
Extent xix, 572 p.
Other physical details ill.
Dimensions 25 cm.
490 ## - SERIES STATEMENT
Series statement Wiley Series in telecommunications
504 ## - BIBLIOGRAPHY, ETC. NOTE
Bibliography, etc Includes bibliographies
650 #0 - SUBJECT ADDED ENTRY--TOPICAL TERM
Topical term or geographic name as entry element Digital telephony
942 ## - ADDED ENTRY ELEMENTS (KOHA)
Koha item type General Book
Holdings
Not for loan Source of classification or shelving scheme Koha date last borrowed Location (home branch) Damaged status Lost status Koha normalized classification for sorting Date acquired Withdrawn status Shelving location Koha issues (times borrowed) Copy number Koha full call number Piece designation (barcode) Koha item type Price effective from Koha date last seen Sublocation or collection (holding branch)
  2015-10-10Central Library, BUET  623_000000000000000_85BEL19912014-11-02 Circulation section21623.85/BEL/199183618General Book2014-11-022016-02-06Central Library, BUET
   Central Library, BUET  623_000000000000000_85BEL19912014-11-02 Circulation section 2623.85/BEL/199183620General Book2014-11-022017-08-26Central Library, BUET
   Central Library, BUET  623_000000000000000_85BEL19912014-11-02 Circulation section 3623.85/BEL/199183623General Book2014-11-022017-08-16Central Library, BUET
  2023-03-07Central Library, BUET  623_850000000000000_BEL_19912014-11-02 Circulation section24623.85/BEL/199186339General Book2014-11-022024-02-20Central Library, BUET
   Central Library, BUET  623_850000000000000_BEL_19912015-07-01 Reading section 5623.85/BEL/199187594Reading Item2015-07-012015-07-01Central Library, BUET
   Central Library, BUET  623_850000000000000_BEL_19911992-06-06 Rental section ক-১623.85 BEL/199183563Rental Item2024-12-092024-12-09Central Library, BUET
   Central Library, BUET  623_850000000000000_BEL_19911992-06-06 Rental section ক-২623.85 BEL/199183564Rental Item2024-12-092024-12-09Central Library, BUET
   Central Library, BUET  623_850000000000000_BEL_19911992-06-06 Rental section ক-৩623.85 BEL/199183565Rental Item2024-12-092024-12-09Central Library, BUET
   Central Library, BUET  623_850000000000000_BEL_19911992-06-06 Rental section ক-৪623.85 BEL/199183566Rental Item2024-12-092024-12-09Central Library, BUET
   Central Library, BUET  623_850000000000000_BEL_19911992-06-06 Rental section ক-৫623.85 BEL/199183567Rental Item2024-12-092024-12-09Central Library, BUET
   Central Library, BUET  623_850000000000000_BEL_19911992-06-06 Rental section ক-৬623.85 BEL/199183568Rental Item2024-12-092024-12-09Central Library, BUET
   Central Library, BUET  623_850000000000000_BEL_19911992-06-06 Rental section ক-৭623.85 BEL/199183569Rental Item2024-12-092024-12-09Central Library, BUET
   Central Library, BUET  623_850000000000000_BEL_19911992-06-06 Rental section ক-৮623.85 BEL/199183570Rental Item2024-12-092024-12-09Central Library, BUET
   Central Library, BUET  623_850000000000000_BEL_19911992-06-06 Rental section ক-৯623.85 BEL/199183571Rental Item2024-12-092024-12-09Central Library, BUET
   Central Library, BUET  623_850000000000000_BEL_19911992-06-06 Rental section ক-১০623.85 BEL/199183572Rental Item2024-12-092024-12-09Central Library, BUET
   Central Library, BUET  623_850000000000000_BEL_19911992-06-06 Rental section ক-১১623.85 BEL/199183573Rental Item2024-12-092024-12-09Central Library, BUET
   Central Library, BUET  623_850000000000000_BEL_19911992-06-06 Rental section ক-১২623.85 BEL/199183574Rental Item2024-12-092024-12-09Central Library, BUET
   Central Library, BUET  623_850000000000000_BEL_19911992-06-06 Rental section ক-১৩623.85 BEL/199183575Rental Item2024-12-092024-12-09Central Library, BUET
   Central Library, BUET  623_850000000000000_BEL_19911992-06-06 Rental section ক-১৪623.85 BEL/199183576Rental Item2024-12-092024-12-09Central Library, BUET
   Central Library, BUET  623_850000000000000_BEL_19911992-06-06 Rental section ক-১৫623.85 BEL/199183577Rental Item2024-12-092024-12-09Central Library, BUET